| 000 | 01045nam a22003257a 4500 | ||
|---|---|---|---|
| 003 | CHAP | ||
| 005 | 20220329143535.0 | ||
| 008 | 100427s1984 us a r 00010 eng d | ||
| 010 | _a98258 | ||
| 011 | _a99230 | ||
| 020 | _a0816508542 | ||
| 035 | _a109915 | ||
| 040 | _cCHAP | ||
| 082 | 1 | 4 |
_a305.897 _bC94 |
| 100 | 1 |
_aCurtin, L. S. M. _930720 |
|
| 245 | 1 | 4 |
_aThe prophet of the earth : _bethnobotany of the Pima _c/por L.S.M. Curtin |
| 260 |
_aTucson, Arizona : _bUniversity of Arizona, _c1984 |
||
| 300 |
_a156 p. : _bilus. |
||
| 590 |
_aBATCH-UPD _b10 _c20130110 _lUCH01 _h0850 |
||
| 590 |
_aBATCH-UPD _b10 _c20130410 _lUCH01 _h0522 |
||
| 590 |
_aBATCH-UPD _b10 _c20130914 _lUCH01 _h1133 |
||
| 590 |
_aCONVERSION _b10 _c20130109 _lUCH01 _h1354 |
||
| 650 | 0 | 4 |
_aIndios de América _xMedicina. _957581 |
| 650 | 1 | 4 |
_aEtnobotánica _xE.U.A. _938621 |
| 650 | 1 | 4 |
_aIndios de América del Norte. _957585 |
| 650 | 1 | 4 |
_aPimas. _988082 |
| 901 | _aBK | ||
| 942 | _cLIBRO | ||
| 949 |
_a305.897 C94 _bBC _cLIBRO _d33724002162959 _eLIBRO _gI.c/e _h112405 _i109915 _sb |
||
| 999 |
_c98258 _d98258 |
||